LEADER 03362nam 2200625Ia 450 001 9910456814503321 005 20200520144314.0 010 $a1-282-33446-8 010 $a9786612334467 010 $a1-4438-1202-1 035 $a(CKB)2430000000015565 035 $a(EBL)1133229 035 $a(OCoLC)830167827 035 $a(SSID)ssj0000293236 035 $a(PQKBManifestationID)11235702 035 $a(PQKBTitleCode)TC0000293236 035 $a(PQKBWorkID)10274432 035 $a(PQKB)10738276 035 $a(MiAaPQ)EBC1133229 035 $a(Au-PeEL)EBL1133229 035 $a(CaPaEBR)ebr10677069 035 $a(CaONFJC)MIL233446 035 $a(EXLCZ)992430000000015565 100 $a20090115d2008 uy 0 101 0 $aeng 135 $aurcn||||||||| 181 $ctxt 182 $cc 183 $acr 200 04$aThe culture of energy$b[electronic resource] /$fedited by Mogens Rudiger 210 $aNewcastle, UK $cCambridge Scholars Pub.$d2008 215 $a1 online resource (299 p.) 300 $aThe contributions in this publication were first presented at the conference on "Energy and Culture" organized by the Centre for Energy and Society which was held in Esbjerb, Denmark from 6-8 February 2006. 311 $a1-84718-579-7 320 $aIncludes bibliographical references. 327 $aTABLE OF CONTENTS; INTRODUCTION; ENERGY AND THE CITY; GAS-LIGHT IN ITALY BETWEEN 1700's & 1800's; DE-ELECTRIFYING THE HISTORY OF STREET LIGHTING; ELECTRIC LIGHT AND THE CITYSCAPE; THE HIDDEN DIMENSIONS OF ELECTRICAL ARCHITECTURE; SPENDING AND SAVING; NIS COUNTRIES; A?GESTA - THE SUBURB NUCLEAR PLANT; A TAMED SHREW?; ENERGY CONSERVATION IN AMERICA; ENVIRONMENTAL PERSPECTIVE ON THE RECENT ENERGY SECTOR DEVELOPMENT IN DENMARK; ENERGY AND THE HOME; ENERGY CONSUMPTION IN HOMES; HOW DANISH HOUSEHOLDS WENT ELECTRIC AND THE NOTION OF THE MODERN DANISH HOUSEWIFE WAS CONSTRUCTED 327 $aWOMEN IN RURAL INDIAN HOUSEHOLDS AND ENERGY NEEDS THE NEW CULTURE OF ENERGY; HEATING AND LIGHTING; THE DIFFUSION OF CENTRAL HEATING SYSTEMS IN MILAN; LESSONS DRAWN FROM THE HISTORY OF HEATING; AN INTEGRATED APPROACH TOWARDS ENERGY AND AESTHETICS IN LIGHTING; CONTRIBUTORS 330 $aThe culture of the modern world involves a sizeable and continuous use of energy. The story of energy as a part of modernity begins in the early 19th Century with hard work, experiments and the establishment of local energy systems. The natural conditions made certain by the alternation between light and dark, between warmth and cold, was gradually suspended by the introduction of electric lighting and heating into the home. The welfare state has significantly hastened this development 606 $aPower resources$xSocial aspects$vCongresses 606 $aPower resources$xEnvironmental aspects$vCongresses 606 $aPower resources$xHistory$vCongresses 608 $aElectronic books. 615 0$aPower resources$xSocial aspects 615 0$aPower resources$xEnvironmental aspects 615 0$aPower resources$xHistory 676 $a333.79 701 $aRudiger$b Mogens$0955132 712 02$aCentre for Energy and Society. 801 0$bMiAaPQ 801 1$bMiAaPQ 801 2$bMiAaPQ 906 $aBOOK 912 $a9910456814503321 996 $aThe culture of energy$92160544 997 $aUNINA LEADER 01459oam 2200469 450 001 9910716969303321 005 20211220165245.0 035 $a(CKB)5470000002526501 035 $a(OCoLC)1282622409 035 $a(EXLCZ)995470000002526501 100 $a20211104d1985 ua 0 101 0 $aeng 135 $aur||||||||||| 181 $ctxt$2rdacontent 182 $cc$2rdamedia 183 $acr$2rdacarrier 200 10$aColumbia Glacier in 1984 $edisintegration underway /$fby M.F. Meier, L.A. Rasmussen, and D.S. Miller 210 1$aTacoma, WA :$cUnited States Department of the Interior, Geological Survey,$d1985. 215 $a1 online resource (17 pages) $cillustrations, one map 225 1 $aOpen-file report ;$v85-81 300 $a"1985." 320 $aIncludes bibliographical references (page 6). 517 $aColumbia Glacier in 1984 606 $aGlaciers$zAlaska 606 $aGlaciers$2fast 607 $aColumbia Glacier (Alaska) 607 $aAlaska$2fast 607 $aAlaska$zColumbia Glacier$2fast 615 0$aGlaciers 615 7$aGlaciers. 700 $aMeier$b Mark F.$f1925-2012,$01391208 702 $aRasmussen$b L. A. 702 $aMiller$b D. S$g(David S.), 712 02$aGeological Survey (U.S.), 801 0$bGPO 801 1$bGPO 801 2$bOCLCF 801 2$bGPO 906 $aBOOK 912 $a9910716969303321 996 $aColumbia Glacier in 1984$93513040 997 $aUNINA